| 000 | 00000nam 2200000zi 4500 |
| 001 | 9.936872 |
| 003 | CaOODSP |
| 005 | 20240416114838 |
| 006 | m o d f |
| 007 | cr |n||||||||| |
| 008 | 240416e198402 onc o f000 0 fre d |
| 040 | |aCaOODSP|bfre|erda|cCaOODSP |
| 043 | |an-cn--- |
| 086 | 1 |aC23-245/1984F-PDF |
| 245 | 00|aRéponse du gouvernement fédéral aux recommandations du Comité consultatif des industries forestières. |
| 264 | 1|a[Ottawa] : |bGouvernement du Canada, Expansion industrielle régionale = Government of Canada, Regional Industrial Expansion, |cfévrier 1984. |
| 300 | |a1 ressource en ligne (iii, 23 pages, 2 pages non numérotées) |
| 336 | |atexte|btxt|2rdacontent/fre |
| 337 | |ainformatique|bc|2rdamedia/fre |
| 338 | |aressource en ligne|bcr|2rdacarrier/fre |
| 500 | |aPublié aussi en anglais sous le titre : Federal government response to the recommendations of the Forest Industries Advisory Committee. |
| 500 | |aÉdition numérisée de l'imprimé [par Innovation, Sciences et Développement économique Canada]. |
| 650 | 6|aForêts|xAspect économique|zCanada. |
| 650 | 6|aProduits forestiers|zCanada|xMarketing. |
| 710 | 1 |aCanada. |bMinistère de l'expansion industrielle régionale, |eorganisme de publication. |
| 775 | 08|tFederal government response to the recommendations of the forest industries advisory committee.|w(CaOODSP)9.897289 |
| 856 | 40|qPDF|s496 Ko|uhttps://publications.gc.ca/collections/collection_2024/isde-ised/c23/C23-245-1984-fra.pdf |